00322nam a2200121 a 450000500170000000800410001705000180005810000220007624500380009826000350013630000080017144000210017920140414132110.0100901s19uu xx 00 eng d aFICbSt5 2003 aStilton, Geronimo aTemple of the Ruby of fire (The). aNew York :bScholastic,c2003. a120 aGeronimo Stilton